zpět

Detail výsledku týmu

U Pásků, Kotvrdovice

Datum a čas kvízu

28 Celkem bodů Celkový počet nahraných bodů na tomto kvízu bez doplňovacích otázek.
3. Pořadí na kvízu Konečné umístění týmu na tomto kvízu.

Zaznamenané odpovědi

# Otázka Odpověď Body Výsledky
1. Minulý týden se v Praze konal... Globsec 0
2. Malému chlapci se při návštěvě... Haifa 0
3. Která zahraniční kapela minulý... Oasis 1
4. 62letý muž čelí trestnímu ozná... A) ve vlaku nefungovaly toalety 1
5. Ve Formuli 1 došlo minulý týde... Williams 0
6. Téma začneme stavbou, které mn... v roce 1985 0
7. Žebříčků hodnotících nejoškliv... v Severní Koreji (KLDR) 0
8. Nyní se ptáme na evropského vů... Nicolae Ceaușescu, Rumunsko 1
9. I Slovensko má svého zástupce... Martina Šimkovičová 0
10. V této londýnské budově sídlí... SIS 0